000 00354 a2200157 4500
001 177560
020 _a
040 _cMagnum
100 _aCardo,horacio / Trad. Bandeira, Pedro
240 1 0 _aA historia do xadrez
_lpor
245 1 0 _aA historia do xadrez
362 0 _a1899
440 1 _aSalamandra
697 _aMAGNITO: IJ/DIDATICO
942 _cBK
999 _c177560
_d177560